Widyathmaka Samacha Wadiya (Record no. 6049)
[ view plain ]
| 000 -LEADER | |
|---|---|
| fixed length control field | 00404nam a22001577a 4500 |
| 005 - DATE AND TIME OF LATEST TRANSACTION | |
| control field | 20250516031824.0 |
| 008 - FIXED-LENGTH DATA ELEMENTS--GENERAL INFORMATION | |
| fixed length control field | 250516b |||||||| |||| 00| 0 eng d |
| 020 ## - INTERNATIONAL STANDARD BOOK NUMBER | |
| ISBN | 9559302035 |
| 082 ## - DDC Classification | |
| DDC Edition Number | 22 |
| Class No. | 300 |
| Item Number - Author Mark | JAY |
| 100 ## - MAIN ENTRY--PERSONAL NAME | |
| Personal name | Jayawardana, Kumari |
| 245 ## - TITLE STATEMENT | |
| Title | Widyathmaka Samacha Wadiya |
| 250 ## - EDITION STATEMENT | |
| Edition statement | 2nd |
| 260 ## - PUBLICATION, DISTRIBUTION, ETC. | |
| Place of publication, distribution, etc. | Colombo |
| Name of publisher, distributor, etc. | Diyasa Publication |
| Date of publication, distribution, etc. | 1995 |
| 500 ## - GENERAL NOTE | |
| General note | A Book on Scientist Socialism |
| 942 ## - Koha item type (Biblio) | |
| Koha item type | Books in Stacks (Lending) |
| Lost status | Damaged status | Collection code | Home library | Current library | Date acquired | Full call number | Accession Number | Item type |
|---|---|---|---|---|---|---|---|---|
| Lending | WERC Library | WERC Library | 05/16/2025 | 300 JAY | 6967 | Books in Stacks (Lending) |
